000 00417pam a22001454a 4500
020 _a1578083370
040 _cDLC
082 0 0 _a634 SCI 2004 C154 Or.
100 1 _aMukhopadhyay, S
245 1 0 _aCitrus :
_bproduction, postharvest, disease and pest management /
260 _aEnfield, NH :
_bScience Publishers,
_cc2004
300 _aviii, 277 p. :
_bill. (chiefly col.) ;
_c25 cm
650 0 _aCitrus
942 _cAEDBB
999 _c18931
_d18931